40 vragen over van alles en nog wat - Quiz 1 - Statistieken

Algemene statistieken
  • Deze quiz is 13 keer genomen
  • De gemiddelde score is 15 van 40
Antwoordstatistieken
Hint Antwoord % Correct
Hoeveel keer moet een moslim bidden per dag 5
91%
Wat is de afkorting van de Nederlandse provincie Gelderland GL
82%
Wat is de grootste zandwoestijn ter wereld Sahara
82%
Hoe zeg je goedemorgen in het Frans Bonjour
73%
Plaats in Belgie met een G Gent
73%
Welke stad in Nederland is de hofstad Den Haag
64%
Bokking is een zoute vis, van welke vis word deze gemaakt Haring
64%
Van welke vis wordt kibbeling gemaakt, de beste kibbeling Kabeljauw
64%
Welke stad moet een moslim minimaal 1 keer in zijn leven bezoeken Mekka
64%
Waarom is vermoedelijk voor de kleur rood gekozen, omdat de andere kleur minder .............was op zee Zichtbaar
64%
Welke datum in oktober is het dierendag 14
45%
In welk land rijd de langste tramlijn ter wereld, deze rijdt langs de kust Belgie
45%
In welke stad staat het hoogte reuzenrad ter wereld(2024). Dubai
45%
Hoe heet het geluid wat een ooievaar maakt met zijn snavel Klepperen
45%
Wat is aviofobie Vliegangst
45%
In welk jaar is de Google zoekmachine begonnen 1997
36%
Hoe heet deze plaats in het Frans Gand
36%
Noem een specifiek Nederlands gerecht Hutspot
36%
De Tour de France start dit jaar voor het eerst in een nieuw land, welk land Italie
36%
Welke kleuren had de Nederlandse vlag vroeger (schrijf ze vanaf boven op) Oranje Wit Blauw
36%
Welk land heeft het meeste goud in bezit Verenigde Staten
36%
In welk jaar was de maanvlucht die de black/back side van de maan in hield 1968
27%
Noem een bekend Mexicaans recept Burrito
27%
Wat is een Nederlandse delicatesse Stroopwafel
27%
In welk jaar is het WEF opgericht 1973
18%
Welke stad in Nederland is de keistad Amersfoort
18%
Welk land is de grootste producent van cocaine Columbia
18%
Wat is de afkorting van de Belgische provincie Henegouwen/Hainaut HAI
18%
In welke sport zijn vrouwen en mannen die het tegen elkaar opnemen Paardensport
18%
Wat betekent momento mori, vul het ontbrekende woord in : Gedenk te ....... Sterven
18%
Plaats aan het IJsselmeer met een V Volendam
18%
In welk jaar werd Toiletpapier uitgevonden/ontwikkeld 1857
9%
Hoeveel goud is er momenteel gemijnd, dus hoeveel ton is er bij elkaar beschikbaar 190000
9%
Wat is trouwens de hoogte van dat reuzenrad, hoeveel meter 213
9%
Hoeveel kaassoorten zijn er in Frankrijk 365
9%
Hoeveel wijnsoorten Appellations(d'Origine Controlée) zijn er in Frankrijk 400
9%
Heel ruim genomen hoeveel ton heeft dat land 8000
9%
Wat is het kleinste wijngebied van Frankrijk Bourgogne
9%
Welke Amerikaanse zakenman vond het uit Joseph Gayetty
9%
Wat is het grootste wijngebied van Frankrijk Languedoc-Roussillon
9%
Geen overeenkomende quizzen gevonden
Scoreverdeling
Procent van Mensen met Elke Score
Percentiel versus Aantal Correcte Antwoorden
Uw Scoregeschiedenis
U heeft deze quiz nog niet genomen